Statistics for Quebec Premiers

Click here to take the quiz!

General Stats

  • This quiz has been taken 192 times
  • The average score is 17 of 36

Answer Stats

TermPolitical PartyPremier% Correct
2012 - 2014Parti QuebecoisPauline Marois
93%
2003 - 2012LiberalJean Charest
90%
1936 - 1939Union NationaleMaurice Duplessis
89%
1944 - 1959Union NationaleMaurice Duplessis
89%
2014 - PresentLiberalPhilippe Couillard
89%
1976 - 1985Parti QuebecoisRené Levesque
89%
1985 - 1994LiberalRobert Bourassa
84%
1970 - 1976LiberalRobert Bourassa
84%
1996 - 2001Parti QuebecoisLucien Bouchard
81%
1994 - 1996Parti QuebecoisJacques Parizeau
80%
1994LiberalDaniel Johnson Jr.
76%
1966 - 1968Union NationaleDaniel Johnson Sr.
76%
1985Parti QuebecoisPierre-Marc Johnson
75%
2001 - 2003Parti QuebecoisBernard Landry
72%
1960 - 1966LiberalJean Lesage
70%
1936LiberalAdélard Godbout
55%
1939 - 1944LiberalAdélard Godbout
55%
1959 - 1960Union NationalePaul Sauvé
39%
1960Union NationaleAntonio Barrette
38%
1920 - 1936LiberalLouis-Alexandre Taschereau
38%
1887 - 1891Parti NationalHonoré Mercier
33%
1968 - 1970Union NationaleJean-Jacques Bertrand
28%
1905 - 1920LiberalLomer Gouin
27%
1867 - 1873ConservativePierre-Joseph-Olivier Chauveau
24%
1879 - 1882ConservativeSir Joseph-Adolphe Chapleau
14%
1891 - 1892ConservativeCharles Boucher de Boucherville
13%
1874 - 1878ConservativeCharles Boucher de Boucherville
13%
1878 - 1879LiberalHenri-Gustave Joly de Lotbinière
13%
1884 - 1887ConservativeJohn Jones Ross
11%
1896 - 1897ConservativeEdmund James Flynn
9%
1900 - 1905LiberalSimon-Napleon Parent
9%
1897 - 1900LiberalFélix-Gabriel Marchand
8%
1892 - 1896ConservativeLouis-Olivier Taillon
8%
1887ConservativeLouis-Olivier Taillon
8%
1873 - 1874ConservativeGédéon Ouimet
7%
1882 - 1884ConservativeJoseph-Alfred Mousseau
5%

Score Distribution

Percentile by Number Answered

Percent of People with Each Score

Your Score History

You have not taken this quiz